Sports Quiz

Random Sports or Soccer Quiz

Chelsea Penalty Takers in Penalty Shootouts Quiz Stats

 Plays Quiz not verified by Sporcle

Challenge
Share
Tweet
Embed
Score 0/48 Timer 04:00
0 Plays Today
% Correct
Frank Lampard
99.5%
Frank Lampard
99.5%
Frank Lampard
99.5%
Frank Lampard
99.5%
Frank Lampard
99.5%
Frank Lampard
99.3%
Frank Lampard
99.3%
Frank Lampard
99.3%
Frank Lampard
99.3%
Didier Drogba
97.7%
Didier Drogba
97.7%
Didier Drogba
97.6%
Didier Drogba
97.6%
Didier Drogba
97.6%
Ashley Cole
96.7%
Ashley Cole
96.7%
John Terry
96.3%
John Terry
96.3%
Ashley Cole
94.9%
Nicolas Anelka
91.2%
Nicolas Anelka
91.2%
Juan Mata
87.4%
David Luiz
87.4%
Salomon Kalou
81.4%
% Correct
Salomon Kalou
80.7%
Salomon Kalou
80.7%
Salomon Kalou
80.7%
Michael Ballack
80.5%
David Luiz
80.4%
Florent Malouda
79.4%
Michael Ballack
79.4%
Michael Ballack
79.4%
Florent Malouda
79.4%
Florent Malouda
79.4%
Michael Essien
74.3%
Arjen Robben
74%
Arjen Robben
74%
John Obi Mikel
64.2%
Eidur Gudjohnsen
52.1%
Juliano Belletti
50.2%
Geremi Njitap
44.2%
Paulo Ferreira
43.9%
Shaun Wright-Phillips
39.1%
Wayne Bridge
32.1%
Robert Huth
29.8%
Gael Kakuta
23%
Claudio Pizarro
20%
Yuri Zhirkov
17.9%

You're not logged in!

Compare scores with friends on all Sporcle quizzes.
Join for Free
OR
Log In

You Might Also Like...

Show Comments

Extras

Created Nov 2, 2011ReportNominate
Tags:Soccer Quiz, Chelsea, penalty

Top Quizzes Today


Score Distribution

Your Account Isn't Verified!

In order to create a playlist on Sporcle, you need to verify the email address you used during registration. Go to your Sporcle Settings to finish the process.

Report this User

Report this user for behavior that violates our Community Guidelines.

Details: